[Event "Schweinfurt op 23rd"]
[Site "Schweinfurt"]
[Date "2013.06.01"]
[Round "5"]
[White "Voelker, Joachim"]
[Black "Leeb, Christian"]
[Result "1-0"]
[WhiteElo "1880"]
[BlackElo "1164"]
[PlyCount "71"]
[EventDate "2013.05.30"]
[EventType "swiss"]
[EventRounds "7"]
[EventCountry "GER"]
[SourceTitle "CBM 154 Extra"]
[Source "ChessBase"]
[SourceDate "2013.06.25"]
[SourceVersion "2"]
[SourceVersionDate "2013.06.25"]
[SourceQuality "1"]

1. e4 c6 2. d4 d5 3. exd5 cxd5 4. Bd3 Nf6 5. c3 Bg4 6. Qb3 b6 7. Bf4 Nbd7 8. Nd2 e6 9. Ngf3 Be7 10. Qc2 Bxf3 11. Nxf3 g6 12. 0-0 0-0 13. Rfe1 a6 14. h3 Nh5 15. Bh2 Bf6 16. Re3 Re8 17. Rae1 b5 18. R3e2 Qb6 19. Ne5 Bxe5 20. Bxe5 Nxe5 21. Rxe5 Ng7 22. Be2 Rac8 23. Qd2 f6 24. Re3 Kf7 25. g4 g5 26. Rf3 e5 27. Qxg5 Qd6 28. Qd2 e4 29. Re3 Qf4 30. Qc1 h6 31. Rg3 Qd6 32. Qxh6 e3 33. g5 exf2+ 34. Kxf2 Qf4+ 35. Kg2 Rc6 36. g6+ 1-0

[Event "Schweinfurt op 23rd"]
[Site "Schweinfurt"]
[Date "2013.05.30"]
[Round "2"]
[White "Leeb, Christian"]
[Black "Lachnit, Manfred"]
[Result "0-1"]
[WhiteElo "1164"]
[BlackElo "1613"]
[PlyCount "54"]
[EventDate "2013.05.30"]
[EventType "swiss"]
[EventRounds "7"]
[EventCountry "GER"]
[SourceTitle "CBM 154 Extra"]
[Source "ChessBase"]
[SourceDate "2013.06.25"]
[SourceVersion "2"]
[SourceVersionDate "2013.06.25"]
[SourceQuality "1"]

1. c4 e5 2. g3 Nc6 3. Bg2 Bc5 4. Nc3 d6 5. e3 a6 6. b3 Nf6 7. Bb2 Bg4 8. Nge2 0-0 9. 0-0 Qd7 10. Rc1 Rab8 11. Nd5 Nxd5 12. cxd5 Nb4 13. a3 Nd3 14. Rc2 Nxb2 15. Rxb2 Bxa3 16. Ra2 Bc5 17. d3 f5 18. Qd2 Qb5 19. Qc2 f4 20. Nc3 Qd7 21. Ne4 Bb6 22. d4 fxe3 23. fxe3 Rxf1+ 24. Bxf1 exd4 25. exd4 Bxd4+ 26. Kh1 Rf8 27. Bd3 Bf3+ 0-1